000 01111nam a2200229Ia 4500
001 1637
005 20260406120155.0
008 260306t2006||||xx |||||||||||||| ||spa||
041 _aESP
082 _a153.9
_bG15
100 _aGallego Gil, Domingo J.
_eAUT
245 0 _aEducar la inteligencia emocional en el aula
260 _c2006
300 _a300 páginas :
_c21 cm.
650 _aGEN
654 _aCPS
856 _uhttps://itmsp.museknowledge.com/UCSP?url=https://www.ebooks7-24.com:443/?il=10405&pg=1
_zVéase además: Educar desde el bienestar: competencias socioemocionales para el aula y la vida. Versión digital
856 _uhttps://0u213vao7-y-https-ebooks7--24-com.itmsp.museknowledge.com/biblioteca.aspx
_zVéase además: Base de datos Ebook7-24
856 _uhttps://0u20fvaob-y-https-research-ebsco-com.itmsp.museknowledge.com/c/qxo6us/search
_zVéase además: Base de datos EBSCOhost
856 _uhttps://0u20vval3-y-https-ebookcentral-proquest-com.itmsp.museknowledge.com/lib/catolicasp/home.action
_zVéase además: Base de datos ProQuest Ebook Central
942 _cLIB
_dJUS
_fJUS
_2ddc
999 _c1637
_d1637